| 000 | 00665nam a2200205 a 4500 | ||
|---|---|---|---|
| 001 | 000014661 | ||
| 005 | 20240412074241.0 | ||
| 008 | 100118s2007 dr 000 p spa d | ||
| 040 |
_aDO-SdBNP _bspa _cBNPHU |
||
| 082 |
_aRD861.44 _bM971e |
||
| 100 | 1 |
_aMuñoz, Orlando _d1972- _933211 |
|
| 245 | 1 | 0 |
_aEntre pétalo y espina / _cOrlando Peña. |
| 260 |
_aSanto Domingo : _bAngeles de Fierro; _bNacional, _c2007. |
||
| 300 |
_a80 p. ; _c17 cm. |
||
| 500 | _aIncluye datos biográficos del autor en la solapade la cubierta | ||
| 650 | 0 |
_aPoesía dominicana _966 |
|
| 650 | 0 |
_aLiteratura dominicana. _967 |
|
| 910 | _aValidado. Control de calidad MFF | ||
| 049 | _aBNPD | ||
| 999 |
_c14245 _d14245 |
||